Online Catalogue and eLibrary

The fleeting moment : (Record no. 3324)

MARC details
000 -LEADER
fixed length control field 00387nam a2200145Ia 4500
005 - DATE AND TIME OF LATEST TRANSACTION
control field 20241119023513.0
008 - FIXED-LENGTH DATA ELEMENTS--GENERAL INFORMATION
fixed length control field 240331s9999 xx 000 0 und d
082 ## - DDC Classification
Item Number - Author Mark SEN
Class No. 823
100 ## - MAIN ENTRY--PERSONAL NAME
Personal name Senevaratne,M
245 #4 - TITLE STATEMENT
Title The fleeting moment :
Remainder of title a collection of short stories
260 ## - PUBLICATION, DISTRIBUTION, ETC.
Place of publication, distribution, etc. Colombo
Name of publisher, distributor, etc. Swastika Private Limited
Date of publication, distribution, etc. 1986
300 ## - PHYSICAL DESCRIPTION
Extent (e.g. Volumes, Pages etc.) 56 p .,
650 ## - SUBJECT ADDED ENTRY--TOPICAL TERM
Topical term or geographic name entry element Short Stories
942 ## - Koha item type (Biblio)
Koha item type Books in Stacks (Lending)
Holdings
Lost status Damaged status Collection code Home library Current library Shelving location Date acquired Full call number Accession Number Item type
    Lending WERC Library WERC Library Social Science Cupboard 03/31/2024 823 SEN 176 Books in Stacks (Lending)

© WERC Library